Calles más famosas del mundo. - Estadísticas

Estadísticas generales
  • Esta prueba ha sido intentada 55 veces
  • La puntuación promedio es 3 de 13
Estadísticas de respuestas
Localización Nombre % Correcto
Madrid, España Gran Vía
76%
Barcelona, España Las Ramblas
58%
París,Francia Campos Elíseos
42%
Nueva York, EEUU Wall Street
30%
Los Ángeles, EEUU Paseo de la fama
26%
Las Vegas, EEUU Las Vegas Strip
10%
Nueva York, EEUU La Quinta Avenida
8%
Londres, Reino Unido Abbey Road
6%
Jerusalem, Israel Vía Dolorosa
6%
San Francisco, EEUU Lombard Street
4%
Bangkok, Tailandia Khao San
2%
Singapur, Singapur Orchard Road
2%
Roma, Italia Vía Veneto
2%
No se encontraron pruebas coincidentes
Distribución de puntuación
Porcentaje de gente con cada puntuación
Porcentaje por número respondido
Historial de tus puntuaciones
No has intentado esta prueba.